[Event "Moscow-ch (Women)"]
[Site "Moscow"]
[Date "2008.03.23"]
[Round "4"]
[White "Zarivkina, Victorya"]
[Black "Charochkina, Daria"]
[Result "0-1"]
[WhiteElo "2113"]
[BlackElo "2383"]
[PlyCount "116"]
[EventDate "2008.03.20"]
[EventType "swiss"]
[EventRounds "9"]
[EventCountry "RUS"]
[SourceTitle "CBM 123 Extra"]
[Source "ChessBase"]
[SourceDate "2008.05.06"]
[SourceVersion "1"]
[SourceVersionDate "2008.05.06"]
[SourceQuality "1"]

1. e4 c5 2. Nc3 Nc6 3. g3 e6 4. Bg2 Nge7 5. Nge2 d5 6. exd5 exd5 7. d4 Be6 8. Be3 Nf5 9. Qd2 Nxe3 10. fxe3 Qg5 11. 0-0-0 Rd8 12. e4 Qxd2+ 13. Rxd2 cxd4 14. Nxd5 Bc5 15. a3 a5 16. Rhd1 0-0 17. Kb1 a4 18. Nef4 Bg4 19. Re1 Ne5 20. Nd3 Nc4 21. Rf2 Ba7 22. h3 Be6 23. Rfe2 Ne3 24. N3f4 Nxg2 25. Rxg2 Bd7 26. Rd2 Rfe8 27. Rde2 Bc6 28. Nb4 Bb5 29. Nbd3 Bb6 30. Rf1 Bc6 31. e5 Bb5 32. e6 f6 33. g4 Bc4 34. Re4 Rd6 35. Rfe1 Ba5 36. Rd1 Bb5 37. Nc5 Bb6 38. Nxb7 Rc6 39. e7 Ba6 40. Nd8 Rd6 41. Re6 Rxe6 42. Ndxe6 Rxe7 43. Nxd4 Re4 44. Nf5 Rxf4 45. Rd6 Bc4 46. b3 Bc7 47. Rd7 Rf1+ 48. Ka2 Be5 49. Rd8+ Kf7 50. Rd7+ Ke8 51. Re7+ Kf8 52. Rxe5 axb3+ 53. cxb3 Rf2+ 54. Ka1 fxe5 55. bxc4 e4 56. c5 Rxf5 57. gxf5 e3 58. c6 Ke8 0-1

[Event "Moscow op-C 04th (Women)"]
[Site "Moscow"]
[Date "2008.02.09"]
[Round "8"]
[White "Zarivkina, Victorya"]
[Black "Koroteeva, Ksenia"]
[Result "1-0"]
[WhiteElo "2056"]
[BlackElo "1955"]
[PlyCount "65"]
[EventDate "2008.02.02"]
[EventType "swiss"]
[EventRounds "9"]
[EventCountry "RUS"]
[SourceTitle "CBM 122 Extra"]
[Source "ChessBase"]
[SourceDate "2008.03.04"]
[SourceVersion "1"]
[SourceVersionDate "2008.03.04"]
[SourceQuality "1"]

1. e4 c5 2. Nc3 Nc6 3. g3 g6 4. Bg2 Bg7 5. Nge2 e6 6. d3 Nge7 7. Be3 Nd4 8. 0-0 0-0 9. f4 Nec6 10. a3 Rb8 11. Kh1 b5 12. Ng1 b4 13. axb4 Nxb4 14. Bxd4 cxd4 15. Nce2 Qc7 16. c3 dxc3 17. bxc3 Nc6 18. Qd2 Bb7 19. f5 exf5 20. exf5 Ne5 21. h3 Bxg2+ 22. Kxg2 Qd6 23. d4 Rbe8 24. Kh2 Nc4 25. Qf4 Qd5 26. f6 Bh8 27. Rxa7 Ne3 28. Rf2 Nd1 29. Rf3 Re4 30. Qd2 Rfe8 31. Nf4 Qb3 32. Ra1 Ne3 33. Rxe3 1-0

[Event "Moscow Rating"]
[Site "Moscow"]
[Date "2007.11.??"]
[Round "4"]
[White "Djafarov, Djafar"]
[Black "Zarivkina, Victorya"]
[Result "0-1"]
[WhiteElo "1813"]
[BlackElo "2087"]
[PlyCount "28"]
[EventDate "2007.11.08"]
[EventType "tourn"]
[EventRounds "11"]
[EventCountry "RUS"]
[SourceTitle "EXT 2022"]
[Source "ChessBase"]
[SourceDate "2021.10.06"]
[SourceVersion "1"]
[SourceVersionDate "2021.10.06"]
[SourceQuality "1"]

1. d4 Nf6 2. c4 g6 3. Nc3 Bg7 4. g3 0-0 5. Bg2 d6 6. Nf3 Nbd7 7. 0-0 c6 8. b3 e5 9. dxe5 dxe5 10. Bb2 e4 11. Ng5 e3 12. f4 h6 13. Nf3 Qe7 14. Qc1 Rd8 0-1

[Event "Moscow Rating"]
[Site "Moscow"]
[Date "2007.11.??"]
[Round "9"]
[White "Zarivkina, Victorya"]
[Black "Guseinov, Djelal"]
[Result "0-1"]
[WhiteElo "2087"]
[BlackElo "1928"]
[PlyCount "54"]
[EventDate "2007.11.08"]
[EventType "tourn"]
[EventRounds "11"]
[EventCountry "RUS"]
[SourceTitle "EXT 2022"]
[Source "ChessBase"]
[SourceDate "2021.10.06"]
[SourceVersion "1"]
[SourceVersionDate "2021.10.06"]
[SourceQuality "1"]

1. e4 e6 2. d4 d5 3. Nd2 Nc6 4. c3 Nf6 5. Bd3 e5 6. Qe2 Be7 7. dxe5 Nxe5 8. Bc2 Be6 9. f4 Bg4 10. Qe3 Nc6 11. e5 d4 12. cxd4 Nd5 13. Qf2 Ndb4 14. Ndf3 Nxc2+ 15. Qxc2 Nxd4 16. Nxd4 Qxd4 17. Ne2 Bxe2 18. Qxe2 0-0-0 19. Be3 Bb4+ 20. Kf2 Qe4 21. Rhd1 g5 22. Qg4+ Kb8 23. Rxd8+ Rxd8 24. Qxg5 Qc2+ 25. Kg1 Rd1+ 26. Rxd1 Qxd1+ 27. Kf2 Be1+ 0-1

[Event "Moscow Rating"]
[Site "Moscow"]
[Date "2007.11.??"]
[Round "3"]
[White "Zarivkina, Victorya"]
[Black "Nikanova, Ekaterina"]
[Result "1-0"]
[WhiteElo "2087"]
[BlackElo "2058"]
[PlyCount "55"]
[EventDate "2007.11.08"]
[EventType "tourn"]
[EventRounds "11"]
[EventCountry "RUS"]
[SourceTitle "EXT 2022"]
[Source "ChessBase"]
[SourceDate "2021.10.06"]
[SourceVersion "1"]
[SourceVersionDate "2021.10.06"]
[SourceQuality "1"]

1. e4 c5 2. g3 Nc6 3. Bg2 g6 4. Ne2 Bg7 5. 0-0 e6 6. c3 Nge7 7. f4 d5 8. d3 Rb8 9. a4 0-0 10. Na3 b6 11. Be3 Bb7 12. Bf2 a6 13. e5 Qd7 14. b3 f6 15. exf6 Bxf6 16. Nc2 e5 17. fxe5 Nxe5 18. h3 d4 19. Ne1 Bxg2 20. Kxg2 Nf5 21. Qd2 Rbe8 22. b4 Qc6+ 23. Kg1 Nf3+ 24. Nxf3 Qxf3 25. Rae1 dxc3 26. Qa2+ Kh8 27. bxc5 Ng7 28. Nf4 1-0

[Event "Moscow Petrosian Memorial U18"]
[Site "Moscow"]
[Date "2007.01.??"]
[Round "6"]
[White "Omariev, Maksim"]
[Black "Zarivkina, Victorya"]
[Result "1-0"]
[WhiteElo "2153"]
[BlackElo "2120"]
[PlyCount "65"]
[EventDate "2007.01.??"]
[EventType "swiss"]
[EventRounds "9"]
[EventCountry "RUS"]
[SourceTitle "EXT 2008"]
[Source "ChessBase"]
[SourceDate "2007.11.25"]
[SourceVersion "1"]
[SourceVersionDate "2007.11.25"]
[SourceQuality "1"]

1. e4 c5 2. Nf3 d6 3. d4 cxd4 4. Nxd4 Nf6 5. Nc3 a6 6. Bg5 e6 7. f4 Be7 8. Qf3 Qc7 9. 0-0-0 Nbd7 10. Bd3 b5 11. Rhe1 Bb7 12. a3 Rc8 13. Qh3 Nc5 14. Bxf6 gxf6 15. Qh5 Qa5 16. e5 dxe5 17. fxe5 f5 18. Bxf5 exf5 19. e6 Nxe6 20. Rxe6 Rxc3 21. bxc3 Qxc3 22. Rd3 Qa1+ 23. Kd2 Rg8 24. Nxf5 Rxg2+ 25. Re2 Rxe2+ 26. Qxe2 Qf6 27. Nxe7 Qg5+ 28. Re3 Be4 29. Nf5 Kf8 30. Ng3 Qd5+ 31. Kc1 Bg6 32. Re8+ Kg7 33. Qe5+ 1-0